Umělá inteligence v HR - závod bez soutěže

Vplyv umelej inteligencie a automatizácie na činnosť HR a vplyv negatívnych dopadov na túto činnosť. Dôležitosť úlohy pracovníkov ľudských zdrojov v podnikoch. Ľudské zdroje ako hlavný aktér v strategických aktivitách podniku.

Salvato in:
Dettagli Bibliografici
Autore principale: Ducháčková, Hana
Natura: Capitolo di libro
Lingua:ceco
Soggetti:
Tags: Aggiungi Tag
Nessun Tag, puoi essere il primo ad aggiungerne!!

MARC

LEADER 00000naa a2200000 4500
001 0296135
005 20240417075246.9
041 0 |a cze 
044 |a CZ 
245 1 0 |a Umělá inteligence v HR - závod bez soutěže  |c Hana Ducháčková 
520 |a Vplyv umelej inteligencie a automatizácie na činnosť HR a vplyv negatívnych dopadov na túto činnosť. Dôležitosť úlohy pracovníkov ľudských zdrojov v podnikoch. Ľudské zdroje ako hlavný aktér v strategických aktivitách podniku. 
610 2 0 |a inteligencia umelá 
610 2 0 |a zdroje ľudské 
610 2 0 |a automatizácia 
610 2 0 |a zamestnanci 
610 2 0 |a právo pracovné 
100 1 |a Ducháčková, Hana